Thực hiện chính sách BHXH đối với lao động ở khu vực kinh tế ngoài nàh nước kết quả và tồn tại /
Uloženo v:
| Hlavní autor: | |
|---|---|
| Médium: | Článek |
| Jazyk: | Vietnamese |
| Témata: | |
| Tagy: |
Přidat tag
Žádné tagy, Buďte první, kdo otaguje tento záznam!
|
| Thư viện lưu trữ: | Thư viện Trường Đại học Đà Lạt |
|---|
| LEADER | 00862nam a2200277 4500 | ||
|---|---|---|---|
| 001 | DLU060053922 | ||
| 040 | # | # | |a DLU |b vie |
| 041 | # | # | |a vie |
| 044 | # | # | |a vn |
| 100 | # | # | |a Đặng Thị Hằng Nga |
| 245 | # | # | |a Thực hiện chính sách BHXH đối với lao động ở khu vực kinh tế ngoài nàh nước kết quả và tồn tại / |c Đặng Thị Hằng Nga |
| 653 | # | # | |a Bảo hiểm xã hội |
| 653 | # | # | |a Kinh tế ngoài quốc doanh |
| 653 | # | # | |a Lao động |
| 773 | # | # | |t Lao động và xã hội |g Số 260, 2005, tr.16-18 |
| 920 | # | # | |a Phòng Tạp chí -- Trung tâm Thông tin - Thư viện Trường Đại học Đà Lạt |
| 933 | # | # | |a CP |
| 994 | # | # | |a DLU |
| 900 | # | # | |a True |
| 911 | # | # | |a Nguyễn Thị Yên |
| 925 | # | # | |a G |
| 926 | # | # | |a A |
| 927 | # | # | |a BB |
| 980 | # | # | |a Thư viện Trường Đại học Đà Lạt |